| 000 | 01274nam0a22003011 4500 | ||
|---|---|---|---|
| 001 | rc\3823910 | ||
| 005 | 20120410182444.4 | ||
| 021 |
_aRU _b[76-70619] |
||
| 035 | _a(NLR Aleph) 007277000 | ||
| 090 |
_a5469508 _c5469508 |
||
| 100 | _a20120410d1976 |||y0rusy50 ca | ||
| 101 | 0 | _arus | |
| 102 |
_aRU _aRU |
||
| 105 | _aa z ||||| | ||
| 200 | 1 |
_aПрименение лазерной технологии в судостроении _f[Н.Л. Лушков, Ф.И. Раздуй] _gЦентр. науч.-исслед. ин-т "Румб" |
|
| 210 |
_aЛенинград _cРумб _d1976 |
||
| 215 |
_a111 с. _cил. _d20 |
||
| 225 | 1 |
_aОтраслевая система НТИ _eОбзорно-аналит. информация |
|
| 320 | _aСписок лит.: с. 107-110 (100 назв.) | ||
| 606 |
_aГенераторы квантовые _xПрименение в судостроении и судоремонте _2psbo |
||
| 700 | 1 |
_aЛушков _bН. Л. _gНатан Лазаревич |
|
| 701 | 1 |
_aРаздуй _bФ. И. _gФеликс Иванович |
|
| 712 | 0 | 2 |
_a"Румб", институт _cЛенинград _3RU\NLR\AUTH\8810006944 |
| 801 | 0 |
_aRU _bNLR _gpsbo |
|
| 801 | 1 |
_aRU _bELAR _2rusmarc |
|
| 852 |
_aNLR _j77-3/1466 |
||
| 942 | _cBOOK | ||
| 980 | _aNB | ||